Aha, knížka! : [zdrav. letáček] /

Hlavní autor: Petiška, Peter, 1937-2012
Jazyk: Slovenština
Vydáno: Bratislava : Slovenský ústav zdravotníckej osvety, 1965
Fyzický popis: 1 sv. (nestr.) : barev. il. ; příč. 12°
Knihy
Uloženo v:
LEADER 00668nam a22001932a 4500
001 000976620
003 CZ BrMZK
005 20160203095457.0
007 ta
008 091109s1965 xo a er|||||||||||slo d
040 |a ABA001  |b cze  |c ABA001  |d ABA001 
100 1 |a Petiška, Peter,  |d 1937-2012  |7 ola2002152547  |4 aut 
245 1 0 |a Aha, knížka! :  |b [zdrav. letáček] /  |c Peter Kliment 
260 |a Bratislava :  |b Slovenský ústav zdravotníckej osvety,  |c 1965 
300 |a 1 sv. (nestr.) :  |b barev. il. ;  |c příč. 12° 
910 |a BOA001  |b S-0564.965 
990 |a BK 
991 |b 200911 
996 6 |b 2619536833  |c S-0564.965  |l MZK  |r Sklad / do 24 hodin  |n 0  |w 000976620  |u 000010  |a 1  |e BOA001  |j MZK50  |s P